Super Mario Trivia - Statistiken

Allgemein
  • Dieses Quiz wurde 48 mal gespielt
  • Das Durchschnittsergebnis liegt bei 13 aus 28
Antwortstatistiken
Hint Antwort % Korrekt
Mario's original name before he became a plumber Jumpman
85%
Evil twin of Mario Wario
76%
Game series that features lots of randomness and minigames Mario Party
73%
Console where Mario Kart 8 originally released on WiiU
73%
Console that enabled Mario to be playable in 3D Nintendo 64
68%
Hardest track in Super Mario Kart Rainbow Road
68%
Game that skyrocketed Mario's popularity Super Mario Bros.
68%
Main Power-Up of Super Mario 3D World Super Bell
61%
Famous Power-Up featured in Super Mario Bros. 3 Tanooki Leaf
61%
First nemesis of Mario Donkey Kong
59%
Most used character in Mario Kart Wii Funky Kong
56%
Complete the game title: Paper Mario The ____ King Origami
56%
GameCube Game where Mario's Brother rescues him Luigi's Mansion
54%
Island where Super Mario Sunshine takes place Isle Delfino
49%
Number of levels in Super Mario 64 15
46%
First Mario Role-playing-game Super Mario RPG
46%
Football (Soccer) game that Mario takes part in Super Mario Strikers
46%
Simple racing track featured in Mario Kart: Double Dash Baby Park
39%
Inventor of Mario Shigeru Miyamoto
37%
Final level of this game 8-4
34%
The world of Super Mario Odyssey is separated into... Kingdoms
34%
Well-known glitch in Super Mario 64 Backwards long jump
32%
Game that Nintendo "copied" to become Super Mario Bros. 2 Doki Doki Panic
24%
First galaxy of Super Mario Galaxy Good Egg Galaxy
24%
Main villain of Mario and Luigi Bowser's Inside Story Fawful
12%
Common way to defeat spiked enemies in Mario RPGs Iron Boots
7%
Boss featured in almost every Mario & Luigi game Wiggler
5%
Event that happens to Mario at the Beginning of Super Mario Sunshine Imprisoned
2%
Keine übereinstimmenden Quizze gefunden
Verteilung der Resultate
Anzahl Personen mit jedem Resultat
Perzentil nach korrekt beantworteten Fragen
Ihre Resultats-Entwicklung
Sie haben dieses Quiz noch nicht gespielt